000
00240 a2200097 4500
001
41781
100
_a
245
_a
Compton's Pictured Encyclopedia & Fact Index (Vol-XII_
260
_a
Chicago
_b
F E Compton & Co.
_c
090
_c
25892
_d
25892
942
_a
NUST-CAE
_c
_c
17660
999
_c
276854
_d
276854